Updated Classification of the Recent crustacea (Record no. 604577)

MARC details
000 -LEADER
fixed length control field 00465nam a2200145Ia 4500
008 - FIXED-LENGTH DATA ELEMENTS--GENERAL INFORMATION
fixed length control field 100415s9999 xx 000 0 und d
082 ## - DEWEY DECIMAL CLASSIFICATION NUMBER
Item number 21695
Classification number 595.3
100 ## - MAIN ENTRY--PERSONAL NAME
Personal name Martin, Joel W.
245 ## - TITLE STATEMENT
Title Updated Classification of the Recent crustacea
260 ## - PUBLICATION, DISTRIBUTION, ETC. (IMPRINT)
Place of publication, distribution, etc LOS ANGELES
Date of publication, distribution, etc 2001
Name of publisher, distributor, etc NATURAL HISTORY MUSEUM O LOS A
365 ## - TRADE PRICE
Price amount 0
630 ## - SUBJECT ADDED ENTRY--UNIFORM TITLE
Uniform title Updated Classification of the Recent crustacea
730 ## - ADDED ENTRY--UNIFORM TITLE
Uniform title Updated Classification of the Recent crustacea
942 ## - ADDED ENTRY ELEMENTS (KOHA)
Koha item type Book
Holdings
Withdrawn status Lost status Damaged status Not for loan Home library Current library Date acquired Cost, normal purchase price Total Checkouts Full call number Barcode Date last seen Price effective from Koha item type
        Bombay Natural History Society Bombay Natural History Society 10/09/2007 0.00   595.3 21695 BNHS-21695 04/15/2010 04/15/2010 Book